Stades de football Super League Suisse 23/24 - Statistiques

Statistiques générales
  • Ce quiz a été pris 159 fois
  • Le résultat moyen est 6 sur 10
Statistiques - réponses
Hint Réponse % Correct
Servette FC Stade de Genève
85%
Fc bâle Parc Saint-Jacques
80%
FC Lausanne-Sport Stade de la Tuilière
73%
FC Stade Lausanne Ouchy Stade olympique de la Pontaise
73%
Grasshopper Club Zurich / FC Zurich Stade du Letzigrund
72%
Yverdon Sport FC Stade municipal
66%
FC Lucerne Swissporarena
58%
FC Lugano Stadio comunale Cornaredo
50%
FC Saint-Gall Kybunpark
49%
FC Winterthour Schützenwiese
29%
Aucun quiz correspondant
Distribution des résultats
% des personnes avec chaque résultat
Percentile par nombre de réponses
Votre historique - résultats
Vous n’avez pas pris ce quiz